000 01240cad a22002655a 4500
001 L153518
008 110803s2009 xxk l f
035 _a(Sirsi) u153518
041 _aeng
050 0 4 _a306.1 $2 18
110 _aUnited Kingdom
_kLaws, etc
_95044
240 0 4 _aThe Construction Act
245 0 0 _aLocal Democracy, Economic Development and Construction Act 2009
_h[electronic resource]
260 _aLondon
_bHMSO
_c2009
520 _aKnown as The Construction Act, this amends the Housing Grants, Construction and Regeneration Act 1996.
650 _aHOUSING GRANTS, CONSTRUCTION AND REGENERATION ACT 1996
650 2 4 _aLOCAL DEMOCRACY, ECONOMIC DEVELOPMENT AND CONSTRUCTION ACT 2009
651 4 _aUnited Kingdom
_y
690 _aBUILT ENVIRONMENT-CONSTRUCTION MANAGEMENT-BUILDING CONTRACT ADMINISTRATION
690 _aBUILT ENVIRONMENT-BUILDING CONTRACT FORMS
690 _aMANAGEMENT-DISPUTE AVOIDANCE, MANAGEMENT AND RESOLUTION-DISPUTE MANAGEMENT AND RESOLUTION-ALTERNATIVE DISPUTE RESOLUTION-ADJUDICATION
690 _aBUILT ENVIRONMENT-CONSTRUCTION MARKET
856 4 0 _uhttps://www.legislation.gov.uk/ukpga/2009/20/contents
_z View this item free of charge at www.legislation.gov.uk
942 _n0
999 _c112566
_d112566